002980000a220007300045001000024000002450124000240410013001487730063001611 aGene Montgomery, G.10aMovements, foranging and food habits of the four extant species of neotropical vermilinguas (Mammalia: Myrmecophagidae)0 aInglés1 tSmithsonian Tropical Research Instituteq365-377 p.d1986?